Deutsche Städte auf Inseln - Statistiken

Allgemein
  • Dieses Quiz wurde 99 mal gespielt
  • Das Durchschnittsergebnis liegt bei 4 aus 9
Antwortstatistiken
Einwohner Stadt % Korrekt
13.478 Bergen auf Rügen
75%
9.186 Sassnitz
65%
5.078 Borkum
53%
6.090 Norderney
53%
4.222 Wyk auf Föhr
45%
12.638 Fehmarn
40%
1.725 Usedom
40%
4.435 Putbus
27%
2.185 Garz/Rügen
12%
Keine übereinstimmenden Quizze gefunden
Verteilung der Resultate
Anzahl Personen mit jedem Resultat
Perzentil nach korrekt beantworteten Fragen
Ihre Resultats-Entwicklung
Sie haben dieses Quiz noch nicht gespielt